000 00470nmm a2200169Ia 4500
008 251105s9999||||xx |||||||||||||||||und||
020 _a9788498958683
041 _aspa
100 _aSantiago, Nilton
245 0 _aEl Equipaje del Ángel
264 _a[Madrid, España] :
_bVisor Libros,
_c2014
300 _a102 páginas
490 _aVisor de Poesía
650 _aLatin American poetry
856 _uhttps://public.digitaliapublishing.com/a/41547
942 _cCF
999 _c92326
_d92326